000 01232nam a2200301 a 4500
001 000021251
005 20200930011255.0
008 100902s2001 ck a r 000 | spa d
020 _a9657082064
040 _aDO-SdBNP
_bspa
_cBNPHU
082 _a956.94
_bZ17d
100 1 _aZafrani, Haim
_944414
240 1 0 _aDeux mille ans de vie juive au Maroc.
_lespañol
245 1 3 _aDos mil años de vida judía en Marruecos /
_cHaim Zafrani; Introducción de Moisés Garzón Serfaty; traducción de Marie Gamondies-Tulián.
246 0 4 _a2000 mil años de vida judía en Marruecos.
260 _aBogotá, (Colombia) :
_bL.B. Publishing :
_bCentro de Estudios Sefardíes de Caracas,
_c2001.
300 _a419 p. :
_bil. ;
_c20 cm.
500 _aIncluye citas bibliográficas al pie de página
500 _aIncluye referencias bibliográficas
534 _aTítulo del original :
_tDeux mille ans de vie juive au Maroc.
650 4 _aJudíos
_xHistoria
_zMarruecos
_944415
650 4 _aJudaísmo
_924148
650 4 _aCivilización judía
_944416
651 4 _aJudíos En Marruecos
_xSituación Legal
_944417
700 1 _aGamondies-Tulián, Marie
_etr.
_944418
700 1 _aSerfaty, Moisés Garzón
_eintr..
_944419
049 _aBNGR
999 _c20751
_d20751